[Event "SWE-ch Seniors 65"]
[Site "Uppsala"]
[Date "2022.07.06"]
[Round "5"]
[White "Marttala, Thomas"]
[Black "Hedin, Gunnar"]
[Result "1/2-1/2"]
[WhiteElo "2164"]
[BlackElo "2051"]
[PlyCount "50"]
[EventDate "2022.07.02"]
[EventType "swiss"]
[EventRounds "9"]
[EventCountry "SWE"]
[SourceTitle "EXT 2024"]
[Source "ChessBase"]
[SourceDate "2023.10.10"]
[SourceVersion "1"]
[SourceVersionDate "2023.10.10"]
[SourceQuality "1"]

1. e4 e6 2. d4 d5 3. Nc3 Bb4 4. e5 c5 5. Bd2 Ne7 6. a3 Bxc3 7. Bxc3 Nbc6 8. Nf3 cxd4 9. Nxd4 0-0 10. Nf3 Ng6 11. Bd3 d4 12. Bb4 Nxb4 13. Bxg6 Nc6 14. Be4 Nxe5 15. Nxe5 Qa5+ 16. c3 Qxe5 17. Qxd4 Qxd4 18. cxd4 Bd7 19. Rc1 Rac8 20. Kd2 Bc6 21. Bxc6 bxc6 22. Rc5 Rfd8 23. Ke3 Rd5 24. Rhc1 Rxc5 25. Rxc5 Kf8 1/2-1/2

[Event "Vasteras op"]
[Site "Vasteras"]
[Date "2018.09.28"]
[Round "3"]
[White "Marttala, Thomas"]
[Black "Bellon Lopez, Juan Manuel"]
[Result "1/2-1/2"]
[WhiteElo "2177"]
[BlackElo "2342"]
[PlyCount "62"]
[EventDate "2018.09.28"]
[EventType "swiss"]
[EventRounds "8"]
[EventCountry "SWE"]
[SourceTitle "CBM 186 Extra"]
[Source "ChessBase"]
[SourceDate "2018.08.24"]
[SourceVersion "1"]
[SourceVersionDate "2018.08.24"]
[SourceQuality "1"]

1. e4 c5 2. Nf3 e6 3. d4 cxd4 4. Nxd4 Nf6 5. Nc3 Nc6 6. Ndb5 Bc5 7. Be2 0-0 8. 0-0 d5 9. exd5 exd5 10. Bg5 a6 11. Na4 Be7 12. Nd4 h6 13. Be3 Ne5 14. Nf3 Nxf3+ 15. Bxf3 Be6 16. Nb6 Rb8 17. a4 Qd6 18. a5 Rbd8 19. c3 Qc7 20. Qd4 Bd6 21. h3 Bh2+ 22. Kh1 Be5 23. Qb4 Bd6 24. Qd4 Rfe8 25. Rfd1 Be5 26. Qb4 Bd6 27. Qd4 Be5 28. Qb4 Bd6 29. Qd4 Ne4 30. Nxd5 Bxd5 31. Qxd5 Bg3 1/2-1/2

[Event "Vasteras op"]
[Site "Vasteras"]
[Date "2016.09.23"]
[Round "3"]
[White "Hillarp Persson, Tiger"]
[Black "Marttala, Thomas"]
[Result "1-0"]
[WhiteElo "2523"]
[BlackElo "2192"]
[PlyCount "55"]
[EventDate "2016.09.23"]
[EventType "swiss"]
[EventRounds "8"]
[EventCountry "SWE"]
[SourceTitle "CBM 174 Extra"]
[Source "ChessBase"]
[SourceDate "2016.10.10"]
[SourceVersion "1"]
[SourceVersionDate "2016.10.10"]
[SourceQuality "1"]

1. d4 e6 2. Nf3 f5 3. h3 d5 4. g4 c6 5. c4 Nf6 6. Nc3 Bb4 7. Qb3 Bxc3+ 8. bxc3 dxc4 9. Qxc4 Qd5 10. Qb3 b5 11. gxf5 exf5 12. Rg1 Rg8 13. Ne5 Qxb3 14. axb3 Be6 15. c4 bxc4 16. bxc4 Nbd7 17. Nxc6 Bxc4 18. Ba3 g6 19. Rc1 Bb5 20. Ne7 Rh8 21. Nc8 Ne4 22. f3 Ba6 23. fxe4 Rxc8 24. Rxc8+ Bxc8 25. exf5 Nf6 26. fxg6 hxg6 27. Rxg6 Kf7 28. Rg3 1-0

[Event "Lund CellaVision Cup"]
[Site "Lund"]
[Date "2016.08.05"]
[Round "4"]
[White "Marttala, Thomas"]
[Black "Lindberg, Bengt"]
[Result "1-0"]
[WhiteElo "2175"]
[BlackElo "2374"]
[PlyCount "99"]
[EventDate "2016.08.05"]
[EventType "swiss"]
[EventRounds "8"]
[EventCountry "SWE"]
[SourceTitle "CBM 173 Extra"]
[Source "ChessBase"]
[SourceDate "2016.08.29"]
[SourceVersion "1"]
[SourceVersionDate "2016.08.29"]
[SourceQuality "1"]

1. e4 c5 2. Nf3 e6 3. b3 a6 4. Bb2 Nc6 5. Nc3 d5 6. d4 Nf6 7. exd5 exd5 8. Be2 Bg4 9. dxc5 Bxc5 10. 0-0 0-0 11. Ne1 Be6 12. Nd3 Ba7 13. Bf3 Qd6 14. Bc1 Bd4 15. Bb2 Rac8 16. Ne2 Bxb2 17. Nxb2 Ne5 18. Nd4 Rc3 19. Na4 Rc7 20. Re1 Rfc8 21. Rc1 b5 22. Nb2 Rc3 23. Re3 Nxf3+ 24. Qxf3 Ne4 25. Rxc3 Rxc3 26. Nd3 Qb6 27. Qe3 Qc7 28. f3 Nc5 29. Nxe6 Nxe6 30. Qe5 Qxe5 31. Nxe5 f6 32. Nd3 Nd4 33. Kf2 Rxc2+ 34. Rxc2 Nxc2 35. Nc5 a5 36. Nb7 a4 37. Nd6 axb3 38. axb3 b4 39. Nb5 d4 40. Ke2 Ne3 41. g3 Kf7 42. Nxd4 Nd5 43. Kd3 g6 44. Kc4 Ne3+ 45. Kxb4 Nf1 46. Kc5 Ke7 47. Kc6 Nxh2 48. b4 Nf1 49. b5 Nxg3 50. b6 1-0

[Event "Hasselbacken op"]
[Site "Stockholm"]
[Date "2016.05.01"]
[Round "2"]
[White "Marttala, Thomas"]
[Black "Almasi, Istvan"]
[Result "1/2-1/2"]
[WhiteElo "2149"]
[BlackElo "2420"]
[PlyCount "82"]
[EventDate "2016.04.30"]
[EventType "swiss"]
[EventRounds "9"]
[EventCountry "SWE"]
[SourceTitle "CBM 172 Extra"]
[Source "ChessBase"]
[SourceDate "2016.06.21"]
[SourceVersion "1"]
[SourceVersionDate "2016.06.21"]
[SourceQuality "1"]

1. e4 c5 2. Nc3 a6 3. g3 b5 4. Bg2 Bb7 5. Nge2 Nf6 6. Nd5 e6 7. Nxf6+ gxf6 8. 0-0 d5 9. d3 dxe4 10. dxe4 Nd7 11. Nf4 Ne5 12. Nh5 Qxd1 13. Rxd1 Nd7 14. Be3 0-0-0 15. Rd2 Be7 16. Rad1 Rhg8 17. Nf4 c4 18. c3 Nc5 19. Rxd8+ Rxd8 20. Rxd8+ Kxd8 21. f3 Na4 22. Bc1 Bc5+ 23. Kf1 a5 24. Ke1 b4 25. Bf1 bxc3 26. bxc3 Ba6 27. Kd2 Bg1 28. h3 Bc5 29. Kc2 Nb6 30. Ng2 Nd7 31. Ne3 Nb6 32. Bd2 Ke7 33. Be2 Bd6 34. g4 Kd7 35. Nf1 Kc6 36. Be3 Bc5 37. Bd4 Bxd4 38. cxd4 Kb5 39. Nd2 Kb4 40. Nb1 h6 41. a3+ Kb5 1/2-1/2

[Event "SWE-chT 1415 Superettan"]
[Site "Sweden"]
[Date "2014.11.22"]
[Round "2"]
[White "Nurmi, Tommy"]
[Black "Marttala, Thomas"]
[Result "0-1"]
[WhiteElo "2061"]
[BlackElo "2161"]
[PlyCount "57"]
[EventDate "2014.11.21"]
[EventType "team-tourn"]
[EventRounds "9"]
[EventCountry "SWE"]
[SourceTitle "EXT 2018"]
[Source "ChessBase"]
[SourceDate "2017.10.13"]
[SourceVersion "1"]
[SourceVersionDate "2017.10.13"]
[SourceQuality "1"]
[WhiteTeam "Limhamn II"]
[BlackTeam "Upsala"]
[WhiteTeamCountry "SWE"]
[BlackTeamCountry "SWE"]

1. d4 Nf6 2. Nf3 e6 3. c3 b6 4. Bg5 Bb7 5. Nbd2 d5 6. e3 Be7 7. Bb5+ Nfd7 8. Bxe7 Qxe7 9. 0-0 0-0 10. Re1 f5 11. Rc1 Qd6 12. Qc2 a6 13. Bf1 c5 14. c4 Nc6 15. cxd5 exd5 16. dxc5 Nxc5 17. Nd4 Rac8 18. N2f3 Ne4 19. Qb1 f4 20. Nxc6 fxe3 21. Rxe3 Rxc6 22. Rxc6 Qxc6 23. Bd3 Qf6 24. h4 h6 25. Re2 Qf4 26. Qe1 Nc5 27. Qd2 Qf6 28. Bb1 Ne4 29. Qd4 0-1

[Event "SWE-chT 1415 Superettan"]
[Site "Sweden"]
[Date "2014.11.21"]
[Round "1"]
[White "Marttala, Thomas"]
[Black "Packalen, Marcus"]
[Result "0-1"]
[WhiteElo "2161"]
[BlackElo "2142"]
[PlyCount "42"]
[EventDate "2014.11.21"]
[EventType "team-tourn"]
[EventRounds "9"]
[EventCountry "SWE"]
[SourceTitle "EXT 2018"]
[Source "ChessBase"]
[SourceDate "2017.10.13"]
[SourceVersion "1"]
[SourceVersionDate "2017.10.13"]
[SourceQuality "1"]
[WhiteTeam "Upsala"]
[BlackTeam "Burgsvik Alva"]
[WhiteTeamCountry "SWE"]
[BlackTeamCountry "SWE"]

1. e4 b6 2. d4 Bb7 3. Nc3 e6 4. a3 Nf6 5. Bg5 h6 6. Bxf6 Qxf6 7. Nf3 g5 8. Be2 d6 9. 0-0 Nd7 10. a4 a6 11. d5 Bg7 12. Ra3 0-0 13. Re1 Rfe8 14. Bf1 exd5 15. exd5 Rxe1 16. Qxe1 Kf8 17. Qe4 a5 18. Nb5 Nc5 19. Qc4 Ba6 20. Nfd4 Re8 21. Rf3 Qxd4 0-1

[Event "SWE-chT 1314"]
[Site "Sweden"]
[Date "2014.03.09"]
[Round "9.4"]
[White "Packalen, Marcus"]
[Black "Marttala, Thomas"]
[Result "1/2-1/2"]
[WhiteElo "2135"]
[BlackElo "2208"]
[PlyCount "68"]
[EventDate "2013.11.22"]
[EventType "team-tourn"]
[EventRounds "9"]
[EventCountry "SWE"]
[SourceTitle "EXT 2015"]
[Source "ChessBase"]
[SourceDate "2014.11.20"]
[SourceVersion "1"]
[SourceVersionDate "2014.11.20"]
[SourceQuality "1"]
[WhiteTeam "Burgsvik Alva"]
[BlackTeam "Upsala"]
[WhiteTeamCountry "SWE"]
[BlackTeamCountry "SWE"]

1. c4 Nf6 2. Nc3 e5 3. g3 Bb4 4. Bg2 0-0 5. e4 Bxc3 6. bxc3 d6 7. Ne2 Nc6 8. 0-0 Be6 9. d3 Qd7 10. f4 exf4 11. Bxf4 Bh3 12. Nd4 Bxg2 13. Kxg2 Nxd4 14. cxd4 b6 15. h3 Kh8 16. Qf3 Ng8 17. Rf2 Ne7 18. Raf1 Kg8 19. g4 Ng6 20. Qg3 Nxf4+ 21. Rxf4 Rae8 22. h4 c5 23. d5 a6 24. g5 Re5 25. Rf5 Rxf5 26. Rxf5 b5 27. h5 bxc4 28. dxc4 Re8 29. Qf4 g6 30. hxg6 hxg6 31. Rf6 Re5 32. Kg3 Qe7 33. Kf3 Qd7 34. Kg3 Qe7 1/2-1/2

[Event "Gibraltar Masters 12th"]
[Site "Caleta"]
[Date "2014.02.04"]
[Round "8"]
[White "Nejanky, Maisa"]
[Black "Marttala, Thomas"]
[Result "1-0"]
[WhiteElo "2040"]
[BlackElo "2200"]
[PlyCount "47"]
[EventDate "2014.01.28"]
[EventType "swiss"]
[EventRounds "10"]
[EventCountry "GGB"]
[SourceTitle "CBM 159"]
[Source "ChessBase"]
[SourceDate "2014.03.17"]
[SourceVersion "1"]
[SourceVersionDate "2014.03.17"]
[SourceQuality "1"]

1. e4 e5 2. Nc3 d6 3. Nf3 Nf6 4. d4 exd4 5. Nxd4 Be7 6. Be2 0-0 7. 0-0 Re8 8. f4 Bf8 9. Bf3 a6 10. a4 c5 11. Nb3 Nc6 12. f5 c4 13. Nd2 Qb6+ 14. Kh1 Qc5 15. b3 cxb3 16. Bb2 bxc2 17. Qxc2 Nb4 18. Qb1 a5 19. Nd5 Nfxd5 20. exd5 Nxd5 21. Rc1 Qf2 22. Bxd5 Qxd2 23. Bxf7+ Kxf7 24. Qa2+ 1-0

[Event "Gibraltar Masters 12th"]
[Site "Caleta"]
[Date "2014.01.28"]
[Round "1"]
[White "Dvirnyy, Danyyil"]
[Black "Marttala, Thomas"]
[Result "1-0"]
[WhiteElo "2574"]
[BlackElo "2200"]
[PlyCount "83"]
[EventDate "2014.01.28"]
[EventType "swiss"]
[EventRounds "10"]
[EventCountry "GGB"]
[SourceTitle "CBM 159"]
[Source "ChessBase"]
[SourceDate "2014.03.17"]
[SourceVersion "1"]
[SourceVersionDate "2014.03.17"]
[SourceQuality "1"]

1. c4 Nf6 2. g3 c6 3. Nf3 g6 4. b3 Bg7 5. Bb2 0-0 6. Bg2 d5 7. 0-0 Bf5 8. d3 Qd7 9. Re1 Rd8 10. Nbd2 Bh3 11. Bh1 h6 12. Qc2 Qe8 13. Bc3 Nbd7 14. Qb2 Nf8 15. b4 Ne6 16. cxd5 cxd5 17. Nb3 Rac8 18. Rec1 b6 19. Be5 Ng4 20. Bxg7 Nxg7 21. Ne5 Nf6 22. Nd4 Rxc1+ 23. Rxc1 Rc8 24. Ndc6 Rc7 25. Rc3 Kh7 26. b5 Ne6 27. Ra3 Qc8 28. Nxf7 a6 29. Bg2 Bxg2 30. Kxg2 axb5 31. Nd4 Nxd4 32. Qxd4 Qe6 33. Ne5 Rc2 34. e3 Qd6 35. Ra7 Rc7 36. Nf7 Qd7 37. Qf4 Rxa7 38. Qxh6+ Kg8 39. Qxg6+ Kf8 40. Ng5 e5 41. Qxf6+ Kg8 42. h4 1-0

[Event "Politiken Cup 34th"]
[Site "Helsingor"]
[Date "2012.08.05"]
[Round "10"]
[White "Rudolf, Anna"]
[Black "Marttala, Thomas"]
[Result "1-0"]
[WhiteElo "2325"]
[BlackElo "2193"]
[PlyCount "71"]
[EventDate "2012.07.28"]
[EventType "swiss"]
[EventRounds "10"]
[EventCountry "DEN"]
[SourceTitle "CBM 149 Extra"]
[Source "ChessBase"]
[SourceDate "2012.08.24"]
[SourceVersion "1"]
[SourceVersionDate "2012.08.24"]
[SourceQuality "1"]

1. e4 c5 2. Nf3 e6 3. d4 cxd4 4. Nxd4 Nf6 5. Nc3 Nc6 6. Be2 Bb4 7. 0-0 d5 8. exd5 exd5 9. Bb5 Bd7 10. Re1+ Be7 11. Bg5 0-0 12. Nce2 h6 13. Bf4 Re8 14. Bd3 Bf8 15. c3 Qb6 16. Qb3 Qxb3 17. axb3 Ne5 18. Bc2 a6 19. Kf1 Rac8 20. Ng3 Nc6 21. Ngf5 g5 22. Nxc6 Bxc6 23. Bd6 Rxe1+ 24. Rxe1 Bxd6 25. Nxd6 Rc7 26. Nf5 Bb5+ 27. Kg1 h5 28. Re5 g4 29. f4 Kf8 30. Kf2 Bd7 31. Ke3 a5 32. Kd4 Be6 33. Ne3 b6 34. g3 a4 35. bxa4 Rc6 36. Bb3 1-0

[Event "SWE-chT2 1112"]
[Site "Sweden"]
[Date "2012.03.10"]
[Round "8"]
[White "Wenzel, Birger"]
[Black "Marttala, Thomas"]
[Result "0-1"]
[WhiteElo "2063"]
[BlackElo "2222"]
[PlyCount "80"]
[EventDate "2011.10.22"]
[EventType "team-tourn"]
[EventRounds "9"]
[EventCountry "SWE"]
[SourceTitle "EXT 2013"]
[Source "ChessBase"]
[SourceDate "2012.11.22"]
[SourceVersion "1"]
[SourceVersionDate "2012.11.22"]
[SourceQuality "1"]
[WhiteTeam "Wasa"]
[BlackTeam "Upsala"]
[WhiteTeamCountry "SWE"]
[BlackTeamCountry "SWE"]

1. d4 d5 2. Nf3 e6 3. c4 c6 4. Qc2 Nf6 5. Bg5 Nbd7 6. e3 Qa5+ 7. Nc3 Ne4 8. cxd5 exd5 9. Bd3 Nxg5 10. Nxg5 h6 11. Nf3 Nf6 12. 0-0 Be7 13. a3 0-0 14. b4 Qd8 15. Na4 Bd6 16. h3 Re8 17. b5 cxb5 18. Bxb5 Re7 19. Rfc1 Rc7 20. Qb2 Rxc1+ 21. Rxc1 Qe7 22. Qa2 Bf5 23. Rc3 Ne4 24. Rb3 Rc8 25. Qb2 Ng5 26. Ne1 Nxh3+ 27. Kf1 Ng5 28. Bd3 Bxd3+ 29. Nxd3 b6 30. Nc3 Ne4 31. Ke2 Qg5 32. Ne1 g6 33. Nxe4 dxe4 34. a4 Qa5 35. Qa2 Rc1 36. Nc2 Qh5+ 37. f3 Qh1 38. Kd2 Qd1+ 39. Kc3 Qd3+ 40. Kb2 Qxc2# 0-1